Central Library OPAC University of Rajshahi

Higher civil servants in Britain : (Record no. 49190)

MARC details
000 -LEADER
fixed length control field 00893nam a2200253 a 4500
001 - CONTROL NUMBER
control field 49190
003 - CONTROL NUMBER IDENTIFIER
rucl marc code BD-RjUL
005 - DATE AND TIME OF LATEST TRANSACTION
control field 20211209054640.0
008 - FIXED-LENGTH DATA ELEMENTS--GENERAL INFORMATION
fixed length control field 160818s1966 enk 000 0 eng
035 ## - SYSTEM CONTROL NUMBER
System control number (BD-RjUL)49309
040 ## - CATALOGING SOURCE
Original cataloging agency DLC
Transcribing agency OAU
Modifying agency Uk
-- DLC
Language of cataloging eng
041 ## - LANGUAGE CODE
Language code of text/sound track or separate title eng
082 ## - DEWEY DECIMAL CLASSIFICATION NUMBER
Edition number 23
Classification number 354.41001
Author mark and year KEH 1966
100 10 - MAIN ENTRY--PERSONAL NAME
Personal name Kelsall, R. Keith
Fuller form of name (Roger Keith),
Dates associated with a name 1910-
9 (RLIN) 147863
245 10 - TITLE STATEMENT
Title Higher civil servants in Britain :
Remainder of title from 1870 to the present day /
Statement of responsibility, etc. R. Keith Kelsall
260 ## - PUBLICATION, DISTRIBUTION, ETC. (IMPRINT)
Place of publication, distribution, etc. London :
Name of publisher, distributor, etc. Routledge and Paul,
Date of publication, distribution, etc. 1955 [impression 1966]
300 ## - PHYSICAL DESCRIPTION
Pagination xvi, 233 p. ;
Size 23 cm.
490 0# - SERIES STATEMENT
Series statement International library of sociology and social reconstruction
504 ## - BIBLIOGRAPHY, ETC. NOTE
Bibliography, etc Include bibliography and index
650 #0 - SUBJECT ADDED ENTRY--TOPICAL TERM
Topical term or geographic name as entry element Civil service
Geographic subdivision Great Britain.
9 (RLIN) 145412
830 ## - SERIES ADDED ENTRY--UNIFORM TITLE
Uniform title International library of sociology and social reconstruction
942 ## - ADDED ENTRY ELEMENTS (KOHA)
Source of classification or shelving scheme Dewey Decimal Classification
Koha item type Books
Holdings
Lost status Source of classification or shelving scheme Damaged status Not for loan Collection code Permanent Location Current Location Shelving location Date acquired Source of acquisition Cost, normal purchase price Total Checkouts Full call number Date last seen Copy number Koha item type
  Dewey Decimal Classification     Non-fiction Central Library, University of Rajshahi Central Library, University of Rajshahi   05/06/1978 Swets & zeitlinger 25.00   354.41001 KEH 1966 18/08/2016 C-2 Books
  Dewey Decimal Classification     Non-fiction Central Library, University of Rajshahi Central Library, University of Rajshahi   05/06/1978 Swets & zeitlinger 25.00   354.41001 KEH 1966 18/08/2016 C-3 Books
  Dewey Decimal Classification     Non-fiction Central Library, University of Rajshahi Central Library, University of Rajshahi   05/06/1978 Swets & zeitlinger 25.00   354.41001 KEH 1966 18/08/2016 C-4 Books